000 00603nam a2200217Ia 4500
005 20250508162520.0
008 008 250505s9999 xx 000 0 eng d
020 _a0-04-332108-9
037 _aTextual
040 _aFEDL
_beng
_cFEDL
041 _aeng
_2eng
084 _a657, JOH
_qFEDL
100 _aJohnson Harry
245 0 _aPractical foundation in accounting
250 _a2
260 _aHertfordshire, UK
_bGeorge Allen and Uniwn (Publishers) Ltd
_c1985
300 _ax,467p
700 _a Whittam Austin
_9773345
942 _cTEXL
_h657, JOH
999 _c1377031
_d1377031